Представление документа в формате RUSMARC

ПолеНазваниеЗначение
  Тип записи a
  Библиографический уровень m
001 Контрольный номер UONB/MAIN/ebbedf2a23d94b6f87ec8c5d230ecec5
005 Дата корректировки 20250520124539.8
010 Индекс ISBN __
b Уточнения в пер.
d Цена 1 р. 15 к.
9 Тираж 13000 экз.
100 Данные общей обработки __
a Данные общей обработки 20230615d1968 uy0rusy0189## ca
101 Язык документа 0_
a Язык текста rus
102 Страна публикации __
a Страна публикации RU
105 Кодированные данные (монография) __
a Кодированные данные (монография) a z 001yy
200 Заглавие и сведения об ответственности 1_
a Заглавие Повышение несущей способности и долговечности зубчатых передач
f Первые сведения об ответственности А.И. Кораблев, Д.Н. Решетов
g Последующие сведения об ответственности под ред. Д.Н. Решетова
203 Вид содержания и тип средства __
a Вид содержания Текст
b Характеристика содержания визуальный
c Тип средства непосредственный
210 Выходные данные 1_
a Место издания Москва
c Издательство Машиностроение
d Дата издания 1968
215 Физическое описание __
a Объем 288 с.
c Иллюстрации/тип воспроизводства ил.
d Формат 22 см
320 Библиография __
a Библиография Библиогр.: с. 278-285 (177 назв.)
606 Тематические рубрики 0_
a Основная рубрика Зубчатые передачи
x Основная подрубрика Надежность
610 Ключевые слова 0_
a Ключевые слова зубчатые передачи
675 Индекс УДК __
a Индекс УДК 6П5.312.54
686 Индексы других классификаций __
a Классификационный индекс 34
2 Код системы rubbk
700 Автор _1
a Фамилия Кораблев
b Имя (инициалы) А.И.
701 Альтернативная интеллектуальная ответственность _1
a Фамилия Решетов
b Имя (инициалы) Д.Н.
702 Вторичная интеллектуальная ответственность _1
a Фамилия Решетов
b Имя (инициалы) Д.Н.
4 Код отношения 340
801 Источник записи _0
a Страна RU
b Организация Ульяновская ОНБ
c Дата составления 20230615
g Правила каталогизации RCR
801 Источник записи _1
a Страна RU
b Организация Ульяновская ОНБ
c Дата составления 20230615
g Правила каталогизации RCR
901 Тип документа __
t Тип документа m
909 Создатель записи __
a Создатель записи Мазуренко
b Дата создания записи 20230615